01585cam a22003734i 4500003000900000005001700009008004100026020001800067035002700085040003300112082001900145100003100164245010600195264004500301300003800346336002100384337002500405338002300430505057300453526001001026526001001036526001001046526001001056526000801066526000801074526000801082526000801090526000801098526000801106526000801114541002501122650003001147650003401177PE-LiUPU20250731173327.0150706s1994 miu r 000 0 eng d a9780310279518 a(Sirsi) i9780310279518 aPE-LiUPUbspacPE-LiUPUerda04a220.6bK172211 aKaiser, Walter C.,eautor.10aIntroduction to biblical hermeneutics :bthe search for meaning /cWalter C. Kaiser y Moisés Silva. 1aGrand Rapids, Mich. :bZondervan,c1994. a350 páginas ;c24 centímetros atext2rdacontent aunmediated2rdamedia avolume2rdacarrier0 aThe search for meaning: initial directions -- Who needs hermeneutics anyway? -- The meaning of meaning -- Let's be logical: using and abusing language -- How do the parts fit the whole? The tool of biblical theology -- Must we go "Beyond" the bible? The theological use of the bible -- Does the new testament accuaretely use the old testment? -- Why get entangled with historical interpretation? The role of history -- Understanding the text: meaning in literary genres -- Responding to the text: meaning and aplication -- The search for meaning: further challenges. aSEG42 aSEG41 aSEG40 aSEG39 aP94 aP87 aP86 aP85 aP77 aP76 aP35 g103-3336991-5762639;04aHermenéutica bíblica.04aHermenéuticaxCristianismo.